El Tratado de Libre Comercio República Dominicana-Centroamérica-Estados Unidos, TLC, y el sector agropecuario: despejando dudas /

Wedi'i Gadw mewn:
Manylion Llyfryddiaeth
Prif Awdur: Calderón B., Mauricio
Fformat: Texto
Tagiau: Ychwanegu Tag
Dim Tagiau, Byddwch y cyntaf i dagio'r cofnod hwn!

MARC

LEADER 00000 a a2200000 04500
001 14162
003
040
100 |a Calderón B., Mauricio  
245 |a El Tratado de Libre Comercio República Dominicana-Centroamérica-Estados Unidos, TLC, y el sector agropecuario: despejando dudas /  |c Mauricio Calderón B. 
773 |g número 52 -53; páginas 141-191  
999 |c 39317  |d 39317